Apuntes para una teoría del estado /
Salvato in:
| Autore principale: | |
|---|---|
| Natura: | testo |
| Lingua: | Spanish |
| Pubblicazione: |
Buenos Aires:
CEDES
|
| Soggetti: | |
| Tags: |
Aggiungi Tag
Nessun Tag, puoi essere il primo ad aggiungerne!!
|
MARC
| LEADER | 00000 a a2200000 04500 | ||
|---|---|---|---|
| 001 | 16491 | ||
| 003 | cru CRAI/IIS | ||
| 005 | 20210506121213.0 | ||
| 008 | 210506b |||||||| |||| 00| 0 spa d | ||
| 040 | |c CRAI/IIS | ||
| 090 | |a 01213.00 | ||
| 100 | 1 | |a O'Donnell, Guillermo | |
| 245 | 1 | |a Apuntes para una teoría del estado / |c Guillermo O'Donnell | |
| 260 | |a Buenos Aires: |b CEDES | ||
| 300 | |a 49 p. | ||
| 650 | |a ESTADO | ||
| 942 | |2 ddc |c LI | ||
| 999 | |c 17065 |d 17065 | ||
